|
|
|
|
| LEADER |
00000nab a2200000 a 4500 |
| 001 |
vtls008154752 |
| 003 |
SK-MaSNL |
| 005 |
20260309145453.0 |
| 008 |
050518c2005 xo mr p 000 00slo |
| 015 |
|
|
|a SNKRB2005/05
|
| 040 |
|
|
|a SVKPOCL
|b slo
|c SVKPO
|e AACR2
|
| 041 |
0 |
|
|a slo
|
| 044 |
|
|
|a xo
|c SK
|
| 080 |
|
|
|a 75.03:061.4
|2 UDC-MRF-SK2
|
| 100 |
0 |
|
|a mb
|4 aut
|9 852648
|
| 245 |
1 |
0 |
|a Výstava diel Andyho Warhola v Taliansku
|c [autor] mb
|
| 300 |
|
|
|b Fotogr., ilustr.
|
| 500 |
|
|
|a Článok o výstave bol publikovaný aj v talianskom denníku Andy Warhol - un mito americano / Clotilde Paternostro. - L´osservatore Romano. - (29.9.2004)
|
| 600 |
1 |
7 |
|a Warhol, Andy,
|d 1928-1987
|2 svkpocl
|9 97490
|
| 610 |
2 |
7 |
|a Kostol sv. Augustína (Civitanova Marche Alta, Taliansko)
|2 svkpocl
|9 1633490
|
| 611 |
2 |
7 |
|a Andy Warhol - americký mýtus
|g výstava
|d 2004
|c Civitanova Marche Alta, Taliansko
|2 svkpocl
|9 1633491
|
| 651 |
|
7 |
|a Civitanova Marche Alta (Taliansko)
|2 svkpocl
|9 1633492
|
| 773 |
0 |
|
|t Blahovistnik = Blahovistnyk
|g Roč. XLI, č. 2 (2005), s. 24-25
|
| 852 |
|
|
|a SVKPO
|b KIS3GCP
|
| 999 |
|
|
|c 3365849
|d 3367779
|